Medical Terminology : (Record no. 1615)
[ view plain ]
| 000 -LEADER | |
|---|---|
| fixed length control field | 01351nac a22002531u 4500 |
| 008 - FIXED-LENGTH DATA ELEMENTS--GENERAL INFORMATION | |
| fixed length control field | 100517s2005 nyu|||||r|||| 001 0 eng d |
| 020 ## - INTERNATIONAL STANDARD BOOK NUMBER | |
| International Standard Book Number | 1418020214 |
| 020 ## - INTERNATIONAL STANDARD BOOK NUMBER | |
| International Standard Book Number | 9781418020217 |
| 082 00 - DEWEY DECIMAL CLASSIFICATION NUMBER | |
| Classification number | 610.14 |
| Item number | DEN |
| Edition number | 22 |
| 100 ## - MAIN ENTRY--PERSONAL NAME | |
| Personal name | Dennerll, Jean Tannis |
| 9 (RLIN) | 14039 |
| 245 10 - TITLE STATEMENT | |
| Title | Medical Terminology : |
| Remainder of title | A Programmed Systems Approach / |
| Statement of responsibility, etc | Jean Tannis Dennerll & Phyllis E. Davis |
| 250 ## - EDITION STATEMENT | |
| Edition statement | 9th ed. |
| 260 ## - PUBLICATION, DISTRIBUTION, ETC. (IMPRINT) | |
| Place of publication, distribution, etc | Clifton Park, NY : |
| Name of publisher, distributor, etc | Thomson/ Delmar Learning, 2005 |
| Date of publication, distribution, etc | 2005. |
| 300 ## - PHYSICAL DESCRIPTION | |
| Extent | 615 p. : |
| Other physical details | ill. ; |
| Dimensions | 26 cm. + |
| Accompanying material | 1 CD-ROM (4 3/4 in.) |
| 500 ## - GENERAL NOTE | |
| General note | Includes indexes |
| 538 ## - SYSTEM DETAILS NOTE | |
| System details note | System requirements for accompanying computer disks: Windows 3.1 or Windows 95. |
| 650 #0 - SUBJECT ADDED ENTRY--TOPICAL TERM | |
| Topical term or geographic name as entry element | Medicine |
| General subdivision | Terminology |
| -- | Programmed instruction. |
| 9 (RLIN) | 14040 |
| 650 #0 - SUBJECT ADDED ENTRY--TOPICAL TERM | |
| Topical term or geographic name as entry element | Nomenclature |
| Form subdivision | programmed instruction. |
| 9 (RLIN) | 14041 |
| 700 1# - ADDED ENTRY--PERSONAL NAME | |
| Personal name | Davis, Phyllis E. |
| 9 (RLIN) | 14042 |
| 942 ## - ADDED ENTRY ELEMENTS (KOHA) | |
| Item type | |
| Call number prefix | 610.14 DEN |
| Source of classification or shelving scheme | Dewey Decimal Classification |
| Withdrawn status | Item status | Source of classification or shelving scheme | Damaged status | Not for loan | Vendor | Home library | Current library | Shelving location | Date acquired | Source of acquisition | Total Checkouts | Total Renewals | Full call number | Barcode | Date last seen | Date last borrowed | Koha item type |
|---|---|---|---|---|---|---|---|---|---|---|---|---|---|---|---|---|---|
| Dewey Decimal Classification | Central Library | Central Library | First floor | 06/11/2016 | 13 | 18 | 610.14 DEN | 000002726 | 15/07/2025 | 18/02/2017 | Book - Borrowing | ||||||
| Dewey Decimal Classification | Central Library | Central Library | First floor | 17/05/2010 | 1 | 1 | 610.14 DEN | 000014278 | 24/08/2022 | 19/10/2017 | CD | DVD - With book |